02298nam a2200253 i 4500003000900000005001700009006001900026007000300045008004100048040003000089082001300119100003500132245006800167264004100235300003300276336002700309337003300336338002800369505142200397590002701819942001401846952016701860999001702027DO-SdBNP20230918144350.0a||||gr|||| 00| 0 ta230913t180 dr ||||| |||| 00| h spa d aDO-SdBNPbspacBNPHUerda 4222bE74p1 aEscobal, Luis S.938438eautor10aPedazos:b imágenes borrosas del recuerdo. /cLuis S. Escobal 4aSanto Domingo :bAlfa y Omega.c1980 a100, [6] páginas ;c20 cm. 2rdacontentatextobtxt 2rdamediaasin mediaciónbn 2rdacarrieravolumenbnc0 aCapítulo ItLos Indios. Vida Campestre.--tUn Día.-- En Todos los Campos Residía.-- Entre las Diversiones.-- La Escuela del Campo.gCapítulo II.tLa Escuela Primaria . La Ciudad.-- Algunos de los Muchachos.-- La Escuela Proseguía.-- Recuerdo una tarde Iluminosa.-- Todos Aquellos Muchachos.-- Cada uno Buscaba Orientaciones.-- No olvidemos.gCapítulo III.tLa Normal. Escuela Secundaria.-- Llegada a esa Primera Juventud.-- La Época de la Juventud para muy Alegremente.-- Se Diría que una densa y Apretada Multitud.-- El Arte.-- La Misma Normal y Llegaban las Doradas Vacaciones de la Escuela Rural.-- El Problema Forestal. gCapítulo IV.tLa Universidad.-- La Universidad.-- La Universidad.-- La Escuela Rural.-- Vienen a Mi Memoria.gCapítulo V.tEl Pueblo.-- El Pueblo.-- Religión.-- El Arte.-- La Prensa.-- Deportes.gCapítulo VI.tLos Grandes Huertos del Gobierno.-- Los Grandes Huertos del Gobierno.-- Vamos a Intercalar una Grandiosa Anécdota Campesina.-- La Virtud Del Trabajo y del Ahorro.-- El Poeta.-- Ha sido Mi Deseo de Toda la Vida ver un Gobernante Joven.-- El Maestro.-- El Amor.-- El Arte.--Canto de Esperanza.-- Desea la Paz.-- Otra Esperanza.-- Aquel Pueblo Pequeño.gCapítulo VII.tCapítulo Final.-- Don Emilio Patriota.-- Don Emilio Maestro.-- Primera Anécdota Final.-- Expedición a Constanza. Segunda Anécdota Final.-- Drogas.-- Epílogo.-- Post-Scriptum. aInventariado 2023 / MF 2ddccLBS1 00102ddc51708PDaBNPHUbBNPHUcCTd2014-12-13eDonado por Barbara Suncarl0oE74pp2023-5861r2023-09-13w2023-09-13yLBS1zEjemplar autografiado por el autor c54743d54743